| 000 | 01291nam0a2200325 4500 | ||
|---|---|---|---|
| 001 | RU\NLR\bibl\1007453 | ||
| 005 | 20250614230522.0 | ||
| 010 |
_a5-17-038313-4 _bАСТ |
||
| 010 |
_a966-09-0039-2 _bСталкер _93000 |
||
| 021 |
_aRU _b2006-60405 _93000 |
||
| 035 | _a(NLR Aleph) 000995107 | ||
| 090 |
_a543254 _c543254 |
||
| 100 | _a20061114d2006 |||y0rusy50 ca | ||
| 101 | 0 | _arus | |
| 102 |
_aRU _aUA |
||
| 105 | _aa ||||||||| | ||
| 200 | 1 |
_aАмериканский кокер-спаниель _e[кормление, стандарт породы, выбор щенка, собачья аптека _fавт.-сост. Е.Г. Гликина] |
|
| 210 |
_aМосква _cАСТ _aДонецк _cСталкер _d2006 |
||
| 215 |
_a94, [1] с. _cил. _d20 |
||
| 225 | 1 | _aВ вашем доме | |
| 320 | _aБиблиогр. в конце кн. | ||
| 606 | 1 |
_aКокер-спаниели американские _jПопулярные издания _91059996 _3RU\NLR\auth\6692832 |
|
| 686 | _aП673.39кокер спаниели американские я9 | ||
| 702 | 1 |
_aГликина _bЕ. Г. _gЕлена Геннадиевна _4220 |
|
| 801 | 0 |
_aRU _bNLR _c20061114 _grcr |
|
| 801 | 1 |
_aRU _bNLR _c20061114 |
|
| 942 | _cBOOK | ||
| 980 | _aNB | ||